| 000 | 00557nam a2200205Ia 4500 | ||
|---|---|---|---|
| 003 | 0100 | ||
| 008 | 130303s9999 xx 000 0 und d | ||
| 040 | _cARRUPELIB | ||
| 050 | _aB5305.P568 2006 | ||
| 100 | _aConference Of The Nigerian Philosophical Association | ||
| 245 | _aPhilosophy and praxis in Africa | ||
| 260 | _aIbadan, Nigeria | ||
| 260 | _bHope Publications | ||
| 260 | _C2006 | ||
| 300 | _a387p. | ||
| 300 | _b 22cm. | ||
| 650 | _bPhilosophy, Chinese | ||
| 700 | _aAsiegbu, Martin F. ; Agbakoba, Joseph A. eds. | ||
| 942 |
_2lcc _012 |
||
| 999 |
_c61704 _d61704 |
||